000 02123cam a22005657a 4500
003 CHAP
005 20230607094735.0
008 040923d2002 it ab r 00110 eng d
010 _a88838
011 _a89810
020 _a92-5-104802-9
020 _a92-5-104844-4
020 _a9251048010
035 _a100361
040 _cCHAP
082 0 4 _a665.89
_bF3
110 2 _aFAO
245 1 0 _aTerrestrial carbon observation
_c/ed. by J. Cihlar, A.S. Denning and J. Gosz
260 _aRome :
_bFAO,
_c2002.
300 _av.
490 0 _aEnvironment and natural resources series
500 _aLa biblioteca tiene : v.2 The Ottawa assessment of requirements, status and next steps, v.3 The Rio de Janeiro recommendations for terrestrial and atmospheric measurements, v.5 The Frascati report on in situ carbon data and information
590 _aBATCH-UPD
_b10
_c20130110
_lUCH01
_h0509
590 _aBATCH-UPD
_b10
_c20130110
_lUCH01
_h2353
590 _aBATCH-UPD
_b10
_c20130410
_lUCH01
_h0147
590 _aBATCH-UPD
_b10
_c20130913
_lUCH01
_h2223
590 _aCONVERSION
_b10
_c20130109
_lUCH01
_h1349
650 1 4 _aAgricultura sustentable.
650 1 4 _aBiodiversidad.
_912724
650 1 7 _aDióxido de carbono
_xEfecto en clima
_2
_912847
650 1 7 _aDióxido de carbono
_xEfecto en plantas
_2
_912848
650 1 4 _aBosques
_xEcología.
_914131
650 1 4 _aDesertificación.
_932128
650 1 4 _aDioxido de carbono.
_932667
650 1 4 _aEcosistema.
_935290
650 1 4 _aSatélites artificiales.
_9102699
650 1 4 _aSensores remotos.
_9104427
650 1 4 _aSuelos
_xCarbón en.
_9110233
700 0 _aCihlar, J.
_eed.
_923290
700 0 _aGosz, J.
_eed.
_950078
700 1 _aDenning, A.S.
_931801
830 0 0 _aEnvironment and natural resources series
_937175
901 _aBK
905 _aAlejandra Carrasco M.
911 _aproceso
942 _cLIBRO
949 _a665.89 F3
_bBC
_cFAO
_d33724000999876
_eFAO1
_fv.2
_h104638
_i100361
_sb
949 _a665.89 F3
_bBC
_cFAO
_d33724000999892
_eFAO2
_fv.5
_h104640
_i100361
_sb
949 _a665.89 F3
_bBC
_cFAO
_d33724000999983
_eFAO2
_fv.3
_h104639
_i100361
_sb
999 _c88838
_d88838